Türkçenin sadeleşme tarihi genç kalemler ve yeni lisan hareketi / (Record no. 15875)

MARC details
000 -BAŞLIK
Sabit Uzunlukta Kontrol Alanı 00862nam a22002417a 4500
999 ## - SİSTEM KONTROL NUMARALARI (KOHA)
Koha Biblionumber 15875
Koha Biblioitemnumber 15875
003 - KONTROL NUMARASI IDENTIFIER
Denetim Alanı MIRAKIL
005 - SON İŞLEM TARİHİ VE ZAMANI
Denetim Alanı 20240404095505.0
008 - SABİT-BOY VERİ ELEMANLARI - GENEL BİLGİLER
Sabit Uzunlukta Kontrol Alanı 240404b tu ||||| |||| 00| 0 tur d
020 ## - ULUSLARARASI STANDART KİTAP NUMARASI
Uluslararası Standart Kitap Numarası 9751606756
040 ## - KATALOGLAMA KAYNAK
Orijinal Kataloglama Ajansı TR-AnCHP
Metne Dönüştürmek Ajansı TR-AnCHP
041 ## - DİL KODU
Metin / Ses Parça Veya Ayrı Başlığın Dil Kodu tur
082 ## - DEWEY ONLU SINIFLANDIRMA NUMARASI
Sınıflandırma Numarası 410
Ürün Numarası Ö47t 2016
100 ## - ANA GİRİŞ - KİŞİSEL İSİM
Kişisel Ad Öksüz, Yusuf Ziya
245 10 - BAŞLIK TABLOSU
Başlık Türkçenin sadeleşme tarihi genç kalemler ve yeni lisan hareketi /
Sorumluluk Tablosu, Vb Yusuf Ziya Öksüz
260 ## - YAYIN, DAĞITIM, VB
Yayın, Dağıtım, Vb Yeri Ankara :
Yayıncı, Dağıtıcı, Vs Adı Tür Dil Kurumu,
Yayın, Dağıtım, Vb Tarihi 2016.
300 ## - FİZİKSEL TANIM
Kapsam xv, 240 s. ;
Boyutlar 24 cm
490 0# - SERİSİ TABLOSU
Seri Beyanı Atatürk Kültür, Dil ve Tarih Yüksek Kurumu Türk Dil Kurumu yayınları ;
Hacim / Ardışık Tanımı 606.
490 0# - SERİSİ TABLOSU
Seri Beyanı Gramer Bilim ve Uygulama Kolu yayınları ;
Hacim / Ardışık Tanımı 13.
504 ## - KAYNAKÇA VB NOT
Kaynakça Vb Notu Kaynakça: 191-202. ss<br/>
650 #0 - KONU KATMA GİRİŞ - TOPİKAL DÖNEM
9 (RLIN) 7716
Topikal Süreli Veya Coğrafi Ad Giriş Elemanı Türk dili
856 ## - ELEKTRONİK YER VE ERİŞİM
Kamu Notu Dijital Nüshası için Partimizin Kütüphane Sorumlusu ile iletişime geçiniz.
942 ## - EKLENDİ GİRİŞ ELEMANLARI (KOHA)
Sınıflandırma Veya Raf Düzeni Kaynak Dewey Decimal Classification
Koha Öğesi Türü Books
Holdings
Kalıcı Konum Mevcut Konum Edinme Tarihi Toplam Check-Out'Lar Tam Çağrı Numarası Barkod Tarih Son Görülme İtibaren Geçerli Fiyatlar Koha Öğesi Türü
CHP Kütüphanesi CHP Kütüphanesi 04/04/2024   410 Ö47t 2016 21826 04/04/2024 04/04/2024 Books